LEADER 00878nam a2200241 i 4500 001 991003369619707536 005 20020503191028.0 008 000505s1957 po ||| | por 035 $ab10495794-39ule_inst 035 $aEXGIL119649$9ExL 040 $aBiblioteca Interfacoltà$bita 082 0 $a946.942 100 1 $aCastelo-Braco, Fernando$0469182 245 10$aLisboa seiscentista /$cFernando Castelo-Braco 260 $aLisboa :$bOficinas graficas da Camera Municipal,$c1957 300 $a426 p., 9 tav. :$bill. ;$c22 cm 650 4$aLisbona$xStoria$ySec. 17. 907 $a.b10495794$b02-04-14$c27-06-02 912 $a991003369619707536 945 $aLE002 St. IV D 3$g1$i2002000681249$lle002$o-$pE0.00$q-$rl$s- $t0$u0$v0$w0$x0$y.i10572053$z27-06-02 996 $aLisboa seiscentista$9212609 997 $aUNISALENTO 998 $ale002$b01-01-00$cm$da $e-$fpor$gpo $h0$i1 LEADER 01746oam 2200469M 450 001 9910716418103321 005 20200213070549.7 035 $a(CKB)5470000002521968 035 $a(OCoLC)1065874148 035 $a(OCoLC)995470000002521968 035 $a(EXLCZ)995470000002521968 100 $a20071213d1927 ua 0 101 0 $aeng 135 $aurcn||||||||| 181 $ctxt$2rdacontent 182 $cc$2rdamedia 183 $acr$2rdacarrier 200 10$aAuthorizing the issuance of a certain patent to Zaccheus P. Barber. March 2, 1927. -- Committed to the Committee of the Whole House and ordered to be printed 210 1$a[Washington, D.C.] :$c[U.S. Government Printing Office],$d1927. 215 $a1 online resource (4 pages) 225 1 $aHouse report / 69th Congress, 2nd session. House ;$vno. 2296 225 1 $a[United States congressional serial set] ;$v[serial no. 8690] 300 $aBatch processed record: Metadata reviewed, not verified. Some fields updated by batch processes. 300 $aFDLP item number not assigned. 606 $aLand tenure 606 $aLand titles 606 $aResidence requirements 608 $aLegislative materials.$2lcgft 615 0$aLand tenure. 615 0$aLand titles. 615 0$aResidence requirements. 701 $aSwing$b Philip David$f1884-1963$pRepublican (CA)$01389095 801 0$bWYU 801 1$bWYU 801 2$bOCLCO 801 2$bOCLCQ 801 2$bOCLCO 801 2$bOCLCQ 906 $aBOOK 912 $a9910716418103321 996 $aAuthorizing the issuance of a certain patent to Zaccheus P. Barber. March 2, 1927. -- Committed to the Committee of the Whole House and ordered to be printed$93448196 997 $aUNINA